<?xml version="1.0" encoding="UTF-8"?>
<record
    xmlns:xsi="http://www.w3.org/2001/XMLSchema-instance"
    xsi:schemaLocation="http://www.loc.gov/MARC21/slim http://www.loc.gov/standards/marcxml/schema/MARC21slim.xsd"
    xmlns="http://www.loc.gov/MARC21/slim">

  <leader>01719nam a22002297a 4500</leader>
  <controlfield tag="005">20240909085422.0</controlfield>
  <controlfield tag="008">240830b        sa ||||| |||| 00| 0 eng d</controlfield>
  <datafield tag="020" ind1=" " ind2=" ">
    <subfield code="a">9781868 88294</subfield>
  </datafield>
  <datafield tag="040" ind1=" " ind2=" ">
    <subfield code="a">RDA</subfield>
    <subfield code="c">3228</subfield>
  </datafield>
  <datafield tag="041" ind1=" " ind2=" ">
    <subfield code="2">E</subfield>
  </datafield>
  <datafield tag="082" ind1=" " ind2=" ">
    <subfield code="a">305.430968 HEAR</subfield>
  </datafield>
  <datafield tag="100" ind1=" " ind2=" ">
    <subfield code="a">Mabokela, Reitumetse</subfield>
    <subfield code="9">188444</subfield>
  </datafield>
  <datafield tag="245" ind1=" " ind2=" ">
    <subfield code="a">Hear our voices: race, gender and the status of black South African women in the academy</subfield>
    <subfield code="c"> Mbokela Reitumetse Obakeng, Mgubane Zine</subfield>
  </datafield>
  <datafield tag="250" ind1=" " ind2=" ">
    <subfield code="a">1st ed</subfield>
  </datafield>
  <datafield tag="260" ind1=" " ind2=" ">
    <subfield code="a">Pretoria :</subfield>
    <subfield code="b">University of South Africa ;</subfield>
    <subfield code="c">2004</subfield>
  </datafield>
  <datafield tag="300" ind1=" " ind2=" ">
    <subfield code="a"> vi, 120 pages</subfield>
    <subfield code="b">colour illustrations:</subfield>
    <subfield code="c"> 25 cm</subfield>
  </datafield>
  <datafield tag="490" ind1=" " ind2=" ">
    <subfield code="a"> Imagined South Africa</subfield>
    <subfield code="x">9781868 882946</subfield>
  </datafield>
  <datafield tag="504" ind1=" " ind2=" ">
    <subfield code="a">Includes bibliographical references and index

"This book has a twofold goal: first, through the recounting of their individual stories and personal narratives, the contributors aim to expose the racist and sexist practices that still suffuse the institutional culture of South African universities, despite their public pronouncements about their commitments to 'diversity' and 'transformation'. Their experiences offer the reference points by which to gauge the impact of sexism and racism on the lives of black South African scholars. For readers outside South Africa, they illuminate structural explanations as to why black women face difficulties in the Academy, wherever situated. Secondly, they seek practically to apply the alternative theoretical and methodological frameworks of black feminist thought and womanism to the analysis of the politics of teaching and research in the South African Academy."--BOOK JACKET.

</subfield>
  </datafield>
  <datafield tag="521" ind1=" " ind2=" ">
    <subfield code="a">Adult</subfield>
  </datafield>
  <datafield tag="942" ind1=" " ind2=" ">
    <subfield code="w">12663</subfield>
    <subfield code="x">Priscilla Nozizwe Mogale</subfield>
    <subfield code="y">12663</subfield>
    <subfield code="z">Priscilla Nozizwe Mogale</subfield>
  </datafield>
  <datafield tag="942" ind1=" " ind2=" ">
    <subfield code="2">ddc</subfield>
    <subfield code="c">BOOK</subfield>
  </datafield>
  <datafield tag="999" ind1=" " ind2=" ">
    <subfield code="c">766919</subfield>
    <subfield code="d">766918</subfield>
  </datafield>
  <datafield tag="952" ind1=" " ind2=" ">
    <subfield code="0">0</subfield>
    <subfield code="1">0</subfield>
    <subfield code="2">ddc</subfield>
    <subfield code="4">0</subfield>
    <subfield code="7">0</subfield>
    <subfield code="8">300</subfield>
    <subfield code="a">MKHUL</subfield>
    <subfield code="b">MKHUL</subfield>
    <subfield code="c">Non_Fiction</subfield>
    <subfield code="d">2024-08-30</subfield>
    <subfield code="g">125.00</subfield>
    <subfield code="l">0</subfield>
    <subfield code="o">305.430968 HEAR</subfield>
    <subfield code="p">33228 02295418</subfield>
    <subfield code="r">2024-08-30</subfield>
    <subfield code="w">2024-08-30</subfield>
    <subfield code="y">BOOK</subfield>
  </datafield>
</record>
